| 000 | 00454nam a2200169Ia 4500 | ||
|---|---|---|---|
| 001 | 69966 | ||
| 008 | 151205s9999||||xx |||||||||||||| ||und|| | ||
| 020 | _aNA | ||
| 040 | _cPK-LaUMT | ||
| 082 |
_a346.00264 _bFAI-R |
||
| 100 | _aFaisal, M. | ||
| 245 |
_aReasoning in civil law judgments with additional feature of catch words _cFaisal, M. |
||
| 260 |
_aLahore,Pakistan: _bPunjab Law Book House, _c2012 |
||
| 300 | _a681 p. | ||
| 546 | _aEN | ||
| 942 | _cBK | ||
| 999 |
_c80437 _d80437 |
||